000 00268nam a2200097Ia 4500
082 _a128|VERS
245 0 _aOur selves
100 _a VERSFELD, Marthinus Pretoria [South Africa], 2010 2nd ed
_947732
942 _cBK
008 210817s9999 xx 000 0 und d
999 _c155861
_d155863